[Event "FIDE World Cup 2023"]
[Site "Baku AZE"]
[Date "2023.08.11"]
[Round "4.4"]
[White "Keymer, Vincent"]
[Black "Carlsen, M.."]
[Result "1/2-1/2"]
[WhiteElo "2690"]
[BlackElo "2835"]
[PlyCount "111"]
[EventDate "2023.07.30"]
[EventType "k.o."]

1. d4 Nf6 2. c4 e6 3. Nc3 Bb4 4. f3 Nc6 5. e4 e5 6. a3 Bxc3+ 7. bxc3 d6 8. Ne2 ({RR} 8. d5 Ne7 9. Bd3 Nd7 10. Ne2 Nc5 11. Be3 Nxd3+ 12. Qxd3 b6 13. a4 f5 14. a5 Bd7 15. O-O O-O 16. Ra3 f4 17. Bd2 g5 18. g4 h5 19. h3 Kg7 20. Rfa1 Rc8 21. axb6 axb6 22. Kg2 Rh8 {Harsha,B (2531)-Carlsen,M (2831) chess.com INT 2024 0-1 (45)}) 8... b6 9. Ng3 Na5 10. Bd3 h5 $146 ({RR} 10... Be6 11. O-O O-O 12. f4 exd4 13. f5 Bxc4 14. Bg5 Bxd3 15. Qxd3 Nb3 16. cxd4 Nxa1 17. Nh5 Re8 18. Bxf6 gxf6 19. Qg3+ Kf8 20. Qg7+ Ke7 21. Qxf6+ Kd7 22. Qxf7+ Kc8 23. Ng7 Rh8 24. Qd5 Kb8 25. Ne6 {Bobadilla Viera,J (2302)-Xu,Y (2533) Roquetas de Mar 2019 1-0 (43)}) 11. O-O h4 12. Nf5 Bxf5 13. exf5 Qd7 14. Rb1 O-O-O 15. Bg5 c5 16. d5 Rh5 17. f4 Rhh8 18. fxe5 dxe5 19. Qe1 e4 20. Bxf6 Rde8 21. Bxg7 exd3 22. Qd2 Rhg8 23. f6 Re4 24. Rbe1 Rxe1 25. Rxe1 Re8 26. Re7 Rxe7 27. fxe7 Qxe7 28. Qxd3 Qe1+ 29. Qf1 Qe3+ 30. Kh1 Qe4 31. h3 f5 32. Qf3 Qxf3 33. gxf3 Nxc4 34. a4 Kd7 35. Bf6 Kd6 36. Bxh4 Kxd5 37. Bd8 Nb2 38. h4 Ke6 39. h5 Nxa4 40. c4 Kf7 41. Kg2 Nb2 42. Kg3 Nxc4 43. Kf4 b5 44. Kxf5 b4 45. Ke4 a5 46. h6 Kg6 47. Be7 Nd2+ 48. Kd3 Nb3 49. Kc4 a4 50. Bg5 Kh7 51. Be3 Kg6 52. Bg5 Nd4 53. Kxc5 a3 54. Bc1 Ne2 55. Kxb4 Nxc1 56. Kxa3 1/2-1/2

[Event "Gausdal Classics GM"]
[Site "Gausdal"]
[Date "2007.04.25"]
[Round "8"]
[White "Krush, Irina"]
[Black "Carlsen, Magnus"]
[Result "1/2-1/2"]
[WhiteElo "2464"]
[BlackElo "2693"]
[PlyCount "56"]
[EventDate "2007.04.18"]
[EventType "tourn"]
[EventRounds "9"]
[EventCountry "NOR"]
[EventCategory "12"]
[SourceTitle "CBM 118"]
[Source "ChessBase"]
[SourceDate "2007.05.31"]
[SourceVersion "1"]
[SourceVersionDate "2007.05.31"]
[SourceQuality "1"]

1. d4 {Edouard,Romain} Nf6 2. c4 e6 3. Nc3 Bb4 4. f3 d5 5. a3 Bxc3+ 6. bxc3 c5 7. cxd5 Nxd5 8. dxc5 Qa5 ({RR} 8... f5) 9. e4 Nf6 10. Be3 O-O 11. Qb3 Nfd7 12. a4 Qc7 13. Qa3 Na6 ({RR} 13... b6 14. a5 Bb7 ({RR} 14... bxc5) 15. a6 Bc8 16. Bb5 Nxc5 17. Bxc5 bxc5 18. Ne2 Bd7 19. Bc4 Bc6 ({RR} 19... Be8) 20. Qxc5 Nd7 21. Qa5 Rfc8 22. Qxc7 ({RR} 22. O-O) 22... Rxc7 23. Nd4 Bxe4 24. Bxe6 fxe6 25. fxe4 Rxc3 26. O-O Nc5 27. e5 h6 28. Rfc1 {Shirov,A (2749)-Kramnik,V (2780) Bilbao 2010 CBM 139 [Edouard,Romain] ½-½ (34)}) ({RR} 13... b6 14. a5 bxc5 15. a6 c4 16. Nh3 Bxa6 17. Be2 Bb5 18. Rb1 Qc6 19. Qa5 a6 20. O-O Ne5 21. Nf2 Nbd7 22. f4 Nd3 23. e5 Rac8 24. Bf3 Qc7 25. Qa3 N7c5 26. Nxd3 Nxd3 27. Be4 Nxe5 28. fxe5 {Subramanian,A (2033)-Richardson,J (2299) Hull ENG 2024 0-1 (60)}) 14. Bxa6 bxa6 15. Ne2 a5 $146 ({RR} 15... Ne5 16. O-O Nc4 17. Qc1 e5 18. f4 Bb7 19. fxe5 Nxe3 20. Qxe3 Rac8 21. Rab1 Ba8 22. e6 fxe6 23. Rxf8+ Rxf8 24. Rf1 Qc6 25. Rxf8+ Kxf8 26. Nd4 Qxe4 27. Nxe6+ Ke7 28. Qxe4 Bxe4 29. Nd4 a5 30. Kf2 {Moskalenko,V (2525)-Lawson,D (2315) St Martin 1991 1-0 (44)}) ({RR} 15... Ne5 16. O-O Nc4 17. Qc1 e5 18. Bf2 Rb8 19. Rd1 Rb2 20. Ng3 Be6 21. Nf5 Rfb8 22. h4 f6 23. Rd3 Bxf5 24. exf5 e4 25. fxe4 Rxf2 26. Kxf2 Rb2+ 27. Kg1 Qxc5+ 28. Rd4 h6 29. Kh1 Re2 30. Qf1 {Urh,Z (2294)-Berke,A (2107) Petrovac MNE 2023 1-0 (31)}) 16. O-O Ba6 17. Rfe1 Rfc8 18. Nd4 Nxc5 19. Nb5 Bxb5 20. axb5 Nd3 21. Re2 Qc4 22. Rd2 h6 23. Qxa5 Nc5 24. Bxc5 Qxc5+ 25. Kh1 Rab8 26. Qxa7 Qxc3 27. Qd4 Qxd4 28. Rxd4 Rxb5 1/2-1/2

[Event "FIDE World Cup 9-16"]
[Site "Khanty-Mansiysk"]
[Date "2005.12.10"]
[Round "5.2"]
[White "Lautier, Joel"]
[Black "Carlsen, Magnus"]
[Result "0-1"]
[WhiteElo "2680"]
[BlackElo "2570"]
[Annotator "ChessBase"]
[PlyCount "132"]
[EventDate "2005.11.27"]
[EventType "k.o."]
[EventRounds "7"]
[EventCountry "RUS"]
[SourceTitle "CBM 111"]
[Source "ChessBase"]
[SourceDate "2006.04.04"]
[SourceVersion "1"]
[SourceVersionDate "2006.04.04"]
[SourceQuality "1"]

1. d4 Nf6 2. c4 e6 3. Nc3 Bb4 4. e3 O-O 5. Bd3 d5 6. Nf3 c5 7. O-O dxc4 8. Bxc4 Nbd7 9. Qe2 b6 10. Rd1 cxd4 11. exd4 Bxc3 12. bxc3 Qc7 13. Bb2 Bb7 14. Bd3 Nd5 15. Qe4 N7f6 $146 ({RR} 15... N5f6 16. Qh4 Bxf3 17. gxf3 e5 18. d5 Nc5 19. Bc2 Qd6 20. c4 g6 21. f4 Ncd7 22. fxe5 Nxe5 23. Qg3 Nfd7 24. Bf5 f6 25. Be6+ Kh8 26. Re1 Rae8 27. Re3 Re7 28. Bxd7 Qxd7 29. Ba3 Ref7 30. Bxf8 {Korobov,A (2565)-Hoffmann,M (2455) Pardubice 2004 1-0 (39)}) 16. Qe5 Rac8 17. c4 Nf4 18. Bf1 Bxf3 19. gxf3 Rfd8 20. Qxc7 Rxc7 21. a4 h6 22. a5 Nh7 23. axb6 axb6 24. Ra3 Nf8 25. Rda1 Rcc8 26. Rb3 N8g6 27. Rxb6 Nh4 28. Ra3 Nf5 29. c5 e5 30. Ba6 Nxd4 31. Rd6 (31. Bxc8 Nde2+ 32. Kf1 Rd1#) 31... Rxd6 32. cxd6 Rd8 33. Kf1 Rxd6 34. Bd3 g5 35. Be4 Kg7 36. Ra1 Rb6 37. Ba3 f5 38. Ba8 Kf6 (38... Nc2 $1 {wins because the white rook cannot leave the first rank (...Rb1# is threatened)} 39. Bc5 Rb5) 39. Bc5 Rb5 40. Bd6 Ke6 41. Bf8 Rb8 42. Bc5 Rb2 43. Re1 Kf6 44. Rd1 h5 45. Ke1 Re2+ 46. Kf1 Rb2 47. Ke1 Re2+ 48. Kf1 Rc2 49. Bb6 Kg6 50. Bb7 Rb2 51. Bxd4 exd4 52. Ba6 Kf6 53. Bc4 Ke5 54. Re1+ Kd6 55. Rd1 Kc5 56. Ba6 Kd5 57. Ke1 Ra2 58. Bb5 Kc5 59. Bd7 d3 60. Bxf5 Kd4 61. Rb1 Re2+ 62. Kf1 d2 63. Bc2 Re5 64. Rd1 Kc3 65. Be4 Rxe4 66. fxe4 Kc2 0-1

[Event "Julius Baer Gen Cup P/I m D1"]
[Site "chess.com INT"]
[Date "2024.09.26"]
[Round "2.2"]
[White "Le Tuan Minh"]
[Black "Carlsen, M.."]
[Result "1/2-1/2"]
[WhiteElo "2564"]
[BlackElo "2832"]
[PlyCount "65"]
[EventDate "2024.09.26"]
[EventType "k.o."]

1. d4 Nf6 2. c4 e6 3. Nc3 Bb4 4. Nf3 Bxc3+ 5. bxc3 d6 6. Qc2 Qe7 7. e4 ({RR} 7. a4 c5 8. e4 e5 9. d5 Nbd7 10. h4 h6 11. Be2 Kd8 12. Nd2 Kc7 13. Nf1 g6 14. g4 a5 15. h5 gxh5 16. gxh5 Nb6 17. Ng3 Bd7 18. Qb3 Ne8 19. Be3 Ng7 20. Kd2 f5 21. exf5 Nxf5 {Fedoseev,V (2683)-Carlsen,M (2830) Samarkand UZB 2023 0-1 (57)}) 7... e5 8. Bd3 Nc6 9. d5 $146 ({RR} 9. Rb1 b6 10. O-O O-O 11. h3 h6 12. c5 bxc5 13. dxc5 dxc5 14. Ba3 Rd8 15. Bb5 Bd7 16. Qa4 Nb8 17. Qc4 Qe8 18. Bxc5 Bxb5 19. Rxb5 Nxe4 20. Rxb8 Raxb8 21. Qxe4 f6 22. Bxa7 Ra8 23. Qb7 Qa4 {Urazayev,A (2460)-Kramnik,V (2753) chess.com INT 2023 0-1 (49)}) ({RR} 9. O-O Bg4 10. Nd2 exd4 11. f4 Nd7 12. h3 Bh5 13. g4 Qh4 14. Nf3 Qxh3 15. gxh5 Nc5 16. Rf2 dxc3 17. Qxc3 Qg4+ 18. Kf1 O-O-O 19. Bd2 Rhe8 20. Re1 Qh3+ 21. Kg1 Qg3+ 22. Kf1 Qh3+ 23. Kg1 Qg3+ {Artemenko,O (2268)-Liu,J (2064) Dublin IRL 2025 ½-½}) 9... Nb8 10. O-O Nbd7 11. h3 Nc5 12. Be3 Nxd3 13. Qxd3 b6 14. Nd2 Nd7 15. f4 exf4 16. Rxf4 O-O 17. Bd4 Ne5 18. Bxe5 Qxe5 19. Qe3 Bd7 20. Nf3 Qe7 21. e5 Rae8 22. Re1 dxe5 23. Qxe5 Qd6 24. Qd4 Rxe1+ 25. Nxe1 Re8 26. Nd3 Qg6 27. Ne5 Qg3 28. Nxd7 Re1+ 29. Rf1 Re2 30. Rf2 Re1+ 31. Rf1 Re2 32. Rf2 Re1+ 33. Rf1 1/2-1/2

[Event "Tata Steel-A 80th"]
[Site "Wijk aan Zee"]
[Date "2018.01.26"]
[Round "11"]
[White "Mamedyarov, Shakhriyar"]
[Black "Carlsen, Magnus"]
[Result "1/2-1/2"]
[WhiteElo "2804"]
[BlackElo "2834"]
[Annotator "Fernandez,Daniel Howard"]
[PlyCount "75"]
[EventDate "2018.01.13"]
[EventType "tourn"]
[EventRounds "13"]
[EventCountry "NED"]
[EventCategory "20"]
[SourceTitle "CBM 183"]
[Source "ChessBase"]
[SourceDate "2018.03.14"]
[SourceVersion "1"]
[SourceVersionDate "2018.03.14"]
[SourceQuality "1"]
[TimeControl "40/6000+30:20/3000+30:900+30"]

1. d4 {[%emt 0:00:00]} Nf6 {[%emt 0:00:25]} 2. c4 {[%emt 0:00:00]} e6 {[%emt 0:00:06]} 3. Nc3 {[%emt 0:00:00]} Bb4 {[%emt 0:00:06]} 4. Qc2 {[%emt 0:00:00]} d5 {[%emt 0:00:20]} 5. cxd5 {[%emt 0:00:07]} (5. a3 Bxc3+ 6. Qxc3 {is another big main line, e.g.} O-O 7. Nf3 dxc4 8. Qxc4 b6 9. Bg5 $11 {, which was the path followed by Ivanchuk,V-Harikrishna,P Huaian 2017}) 5... Qxd5 {[%emt 0:00:09]} 6. e3 {[%emt 0:01:56]} (6. Nf3 Qf5 $1 $11 {has now become famous, and after some wrangling it has become clear that only Black can actually have a positional edge in the endgame, despite his doubled f-pawns!}) 6... c5 {[%emt 0:01:00]} 7. Bd2 {[%emt 0:00:08]} Bxc3 {[%emt 0:00:22]} 8. Bxc3 {[%emt 0:00:05]} cxd4 {[%emt 0:00:44]} 9. Bxd4 {[%emt 0:00:05]} Nc6 {[%emt 0:00:08]} 10. Bc3 {[%emt 0:00:04]} (10. Bxf6 gxf6 11. Ne2 {is the initial computer recommendation, but this really isn't that good after say} Bd7 12. a3 Qa5+ 13. Nc3 Ne7 $11 {Dreev,A -Fedoseev,V Moscow 2014}) 10... O-O {[%emt 0:00:54]} 11. Nf3 {[%emt 0:00:20]} Rd8 {[%emt 0:18:24] Else d1 is slightly annoying.} 12. Be2 {[%emt 0:12:37]} (12. Rd1 Qxd1+ 13. Qxd1 Rxd1+ 14. Kxd1 Ne4 15. Be1 e5 $11 {is another equal position, where White's bishop pair isn't yet active enough to give him any advantage.}) 12... Qe4 {[%emt 0:03:03]} 13. Rc1 {[%emt 0:05:05]} Qxc2 {[%emt 0:01:48]} 14. Rxc2 {[%emt 0:00:08]} Nd5 {[%emt 0:00:07]} (14... Bd7 15. Nd4 Ne7 $11 {could be worth considering for the future; White's bishop pair is a lot less scary when there is an extra pair of knights on the board.}) ({RR} 14... Bd7 15. Ne5 Nxe5 16. Bxe5 Rac8 17. Rxc8 Rxc8 18. O-O Nd5 19. Rd1 f6 20. Bd4 Ba4 21. b3 Be8 22. Bc4 b5 23. Bxd5 exd5 24. Bxa7 Ra8 25. Bc5 Rxa2 26. h4 Bf7 27. e4 Ra8 28. exd5 Rd8 29. b4 {So,W (2754)-Carlsen,M (2875) Zagreb 2019 ½-½ (36)}) 15. Ne5 {[%emt 0:21:44]} Bd7 {[%emt 0:03:44] This is the novelty!} (15... Nxe5 16. Bxe5 b6 17. a3 f6 18. Bg3 Bb7 19. O-O Rac8 20. Rfc1 e5 21. Rxc8 Rxc8 22. Rxc8+ Bxc8 23. Kf1 {Grachev,B-Karjakin,S Antalya 2017. This somehow led to one of the world's best defensive players being ground down; the problem is that White can keep trying things and never runs any risk at all.}) 16. Nxc6 {[%emt 0:15:26]} Bxc6 {[%emt 0:00:02]} 17. Bd2 $146 {[%emt 0:00:40]} ({RR} 17. Ba5 Re8 18. O-O e5 19. Rd1 h6 20. h3 Ba4 21. b3 Bc6 22. a4 Ne7 23. Bc4 Rac8 24. Rcd2 b6 25. Bb4 Nf5 26. Ba6 Ra8 27. Rc1 Re6 28. Rdc2 Bd5 29. Rc8+ Re8 30. Rxa8 Rxa8 31. Rc3 Nh4 {Ravlusevic,E (1703)-Butvilas,A (2052) Klaipeda 2019 0-1 (58)}) 17... Ne7 {[%emt 0:22:33]} 18. f3 {[%emt 0:01:06]} Rac8 {[%emt 0:00:37]} 19. e4 {[%emt 0:02:52]} (19. Ba5 $5 b6 20. Bb4 Nd5 21. Bd2 $14 {prevents Black from playing ... a6 and ...b5.}) 19... f6 {[%emt 0:00:57]} 20. Be3 {[%emt 0:02:47]} a6 {[%emt 0:00:46]} 21. Kf2 {[%emt 0:02:19]} (21. Bc4 $5 Kf7 22. Bb3 Bb5 23. Kf2 {and we can still talk about a White edge based on the bishop pair.}) 21... Bb5 $1 {[%emt 0:01:00] Black has equalised again.} 22. Rhc1 {[%emt 0:07:13]} Rxc2 {[%emt 0:01:24]} 23. Rxc2 {[%emt 0:00:08]} Bxe2 {[%emt 0:00:05]} 24. Kxe2 {[%emt 0:04:18]} Nc6 $11 {[%emt 0:00:28] There is nothing really left to play for. Black can choose between an ...e5 based plan, and a rook-exchange based plan.} 25. b4 {[%emt 0:01:04]} Rc8 {[%emt 0:01:52]} 26. Rc5 {[%emt 0:05:57]} b5 {[%emt 0:02:19]} 27. f4 {[%emt 0:05:40]} Kf7 {[%emt 0:00:19]} 28. a3 {[%emt 0:00:16]} Ne7 {[%emt 0:06:52]} 29. Rxc8 {[%emt 0:00:12]} Nxc8 {[%emt 0:00:03]} 30. Bc5 Ne7 {[%emt 0:00:00]} 31. Bxe7 {[%emt 0:01:32]} Kxe7 {[%emt 0:00:00]} 32. Kf3 {[%emt 0:01:50]} Kd6 33. Ke3 e5 {[%emt 0:00:40]} 34. f5 {[%emt 0:04:27]} Ke7 {[%emt 0:00:07]} 35. g4 {[%emt 0:00:39]} Kf7 {[%emt 0:00:31]} 36. h4 {[%emt 0:00:12]} Kg8 {[%emt 0:00:13]} 37. Kf3 {[%emt 0:00:13]} h6 {[%emt 0:00:18]} 38. h5 {[%emt 0:00:18]} 1/2-1/2

[Event "Moscow Tal Memorial 7th"]
[Site "Moscow"]
[Date "2012.06.09"]
[Round "2"]
[White "Morozevich, Alexander"]
[Black "Carlsen, Magnus"]
[Result "1/2-1/2"]
[WhiteElo "2769"]
[BlackElo "2835"]
[Annotator "Krasenkow,Michal"]
[PlyCount "117"]
[EventDate "2012.06.08"]
[EventType "tourn"]
[EventRounds "9"]
[EventCountry "RUS"]
[EventCategory "22"]
[SourceTitle "CBM 149"]
[Source "ChessBase"]
[SourceDate "2012.07.17"]
[SourceVersion "1"]
[SourceVersionDate "2012.07.17"]
[SourceQuality "1"]

1. d4 Nf6 2. c4 e6 3. Nc3 Bb4 4. Qc2 d5 5. cxd5 exd5 6. Bg5 h6 7. Bh4 c5 8. dxc5 g5 9. Bg3 Ne4 10. e3 Qa5 11. Rc1 {A rare continuation, which recently became popular.} (11. Nge2 {or}) (11. Be5 {is usually played.}) 11... Nd7 $6 {This leads to an endgame, clearly better for White. More appropriate alternatives:} (11... Bf5 12. Bxb8 $1 (12. Bd3 Nd7 13. f3 Nxc3 14. bxc3 Bxd3 15. Qxd3 Bxc5 $13) 12... Rxb8 13. Bd3 O-O 14. Nge2 Rfc8 15. O-O Rxc5 16. f3 Nxc3 17. bxc3 Bxd3 18. Qxd3 Ba3 19. Rb1 Qa4 20. Nd4 Rcc8 21. f4 $1 $40 {1-0 Gupta,A (2644)-Yu Yangyi (2626)/Zaozhuang CHN 2012/The Week in Chess 915 (73)}) (11... Nc6 $5 12. Bd3 $1 Bxc3+ (12... Nxg3 13. hxg3 d4 14. exd4 Nxd4 15. Qd2 Be6 16. a3 Bxc5 17. b4 Qxa3 18. bxc5 O-O-O 19. Nb1 Qa4 $44 {0-1 Tozer,R (2380)-Lalic,S (2405)/London 1997/CBM 058 ext (33)}) 13. bxc3 Nxc5 14. Nf3 b6 15. h4 g4 16. Ne5 Nxe5 17. Bxe5 Nxd3+ 18. Qxd3 Ba6 19. Qf5 Rg8 $13 {1/2 Lomineishvili,M (2437)-Zaiatz,E (2364)/St Petersburg 2009/CBM 129 Extra (48)}) ({There is also nothing wrong with} 11... Qxa2 {, e.g.} 12. Bb5+ Bd7 13. Bxd7+ Nxd7 14. Nge2 Nxc3 15. Nxc3 Qc4 16. Rd1 (16. h4 O-O-O) 16... Nxc5 17. f3 Bxc3+ 18. bxc3 Ne6 19. Kf2 Rc8 20. Be5 Rg8 $13 {1/2 Finegold,B (2563)-Perelshteyn,E (2522)/Chicago 2006/EXT 2007 (46)}) ({RR} 11... Nc6 12. Bd3 Nxg3 13. hxg3 d4 14. exd4 Nxd4 15. Qd2 Bxc5 16. Nf3 Nxf3+ 17. gxf3 Be6 18. O-O O-O-O 19. Qe2 Kb8 20. Qe5+ Ka8 21. Nb5 Bd6 22. Qe3 Rhe8 23. Nxd6 Rxd6 24. Bc4 Qb6 25. Bxe6 Qxe3 26. fxe3 {Mamedyarov,S (2757)-Aronian,L (2759) Saint Louis 2022 ½-½ (39)}) ({RR} 11... Qxa2 12. Bb5+ Bd7 13. Bxd7+ Nxd7 14. Nge2 Nxc3 15. Nxc3 Qc4 16. Rd1 Bxc3+ 17. bxc3 Nxc5 18. Rd4 Qa6 19. f3 Qe6 20. O-O O-O 21. Rfd1 Qxe3+ 22. Bf2 Qe7 23. Rxd5 b6 24. h4 Rad8 25. c4 Rxd5 26. cxd5 {Yu Yangyi (2714)-Xu,Y (2468) Shaoxing CHN 2025 1-0 (57)}) 12. Nge2 Ndxc5 $146 (12... Qxa2 13. Kd1 {1/2 Priborsky,J (2344)-Gordon,S (2508)/Liverpool 2008/CBM 126 Extra} Nxc3+ 14. Nxc3 Bxc3 15. Qxc3 O-O 16. h4 $16) ({RR} 12... Qxa2 13. Kd1 {½-½ (13) Priborsky,J (2344)-Gordon,S (2508) Liverpool 2008}) 13. a3 Bxc3+ 14. Nxc3 Nxc3 15. Qxc3 Qxc3+ 16. Rxc3 Ne4 17. Rc7 $16 {[%csl Gc7,Rd5]} Nxg3 (17... O-O 18. Be2 $16 (18. Be5 $143 f6 19. Bd4 Rf7)) 18. hxg3 Rb8 19. Bb5+ Kf8 20. Kd2 (20. f4 $5 {may be more energetic.}) 20... Kg7 21. Rhc1 Rd8 $6 {This move is rather senseless.} (21... Be6 $142 {[%cal Yg7f6,Yf6e5,Ye5d6]} 22. Re7 Kf6 23. Rcc7 a6 24. Be2 b5 {Of course, Black's position remains very bad.}) 22. Re7 Kf6 23. Rcc7 Rf8 24. b4 $6 {There was no need to move queenside pawns at the moment.} (24. Be2 $142 $1 {[%cal Ye2f3,Yf3d5,Re2h5]} g4 25. Bd1 {winning the d5-pawn.}) 24... a6 25. Bd3 a5 26. bxa5 ({Why not} 26. b5 {? There was no reason to break the well-known rule that pawn exchanges are favourable for the defender.}) 26... Ra8 27. Bb5 Rxa5 28. a4 Ra8 29. Kc3 h5 $1 {Trying to create at least some counterplay.} 30. Kb4 h4 31. Re8 $2 {[%mdl 16384] A strange decision letting Black's pieces out.} (31. Kc5 hxg3 32. fxg3 $16 {although Black now obtains some counterplay by means of} Be6 33. Rxb7 Ke5) 31... Rxe8 32. Bxe8 {[%mdl 4096]} Be6 33. Bb5 d4 $5 (33... hxg3 34. fxg3 Rb8 {[%cal Yf6f5,Yf5e4,Yf5g4] was possible, too.}) 34. gxh4 gxh4 35. exd4 Bd5 36. f3 Rg8 {Black's position is straightening up like a spring.} 37. Rc2 (37. Bf1 $142 {The rook should remain active. However, White can hardly convert his extra pawn in that case, too.}) 37... Ke7 38. a5 Kd6 39. Bc4 Bxc4 40. Rxc4 $2 (40. Kxc4 Rg5 $1 {must lead to a draw but White has nothing better in any case} ({GM A.Morozevich fancied under time pressure that the pawn ending after} 40... Rc8+ $6 41. Kd3 Rxc2 $6 42. Kxc2 Kc6 {was dangerous for him due to Black's outside passed b-pawn; that was not the case; on the contrary,} 43. Kd3 Kb5 44. Ke4 Kxa5 45. Kd5 $1 {gave him winning chances})) 40... Rxg2 41. Rc5 h3 42. Rh5 h2 {[%csl Gh2] Black is simply better in this rook endgame; fortunately for White, the limited number of pawns enables him to hold his ground.} 43. Kc4 Rc2+ 44. Kd3 Ra2 45. Ke4 f5+ 46. Kf4 Kd5 47. Rxf5+ Kxd4 48. Rh5 Rg2 49. Rh7 Kd3 50. Ke5 Ke2 51. f4 Kf1 (51... Kf3 $144) 52. f5 Ra2 53. f6 Rxa5+ 54. Ke6 Ra6+ 55. Ke7 Rxf6 56. Kxf6 Kg1 57. Ke5 h1=Q 58. Rxh1+ Kxh1 59. Kd4 1/2-1/2